<?xml version="1.0" encoding="UTF-8"?>
<collection xmlns:xsi="http://www.w3.org/2001/XMLSchema-instance" xsi:schemaLocation="http://www.loc.gov/MARC21/slim http://www.loc.gov/standards/marcxml/schema/MARC21slim.xsd" xmlns="http://www.loc.gov/MARC21/slim">
 <record>
  <leader>00000cam a22000003i 4500</leader>
  <controlfield tag="001">UP-1685594773862036180</controlfield>
  <controlfield tag="003">Buklod</controlfield>
  <controlfield tag="005">20250224145616.0</controlfield>
  <controlfield tag="006">g||| |     ||   ||</controlfield>
  <controlfield tag="007">ta</controlfield>
  <controlfield tag="008">160905s2016    xx      r    |||| m|eng d</controlfield>
  <datafield tag="020" ind1=" " ind2=" ">
   <subfield code="a">9789719598022</subfield>
  </datafield>
  <datafield tag="035" ind1=" " ind2=" ">
   <subfield code="a">(iLib)UPBAG-00021792067</subfield>
  </datafield>
  <datafield tag="037" ind1=" " ind2=" ">
   <subfield code="a">BC-67878</subfield>
   <subfield code="b">GUMIL</subfield>
  </datafield>
  <datafield tag="040" ind1=" " ind2=" ">
   <subfield code="a">BAG</subfield>
   <subfield code="e">rda</subfield>
  </datafield>
  <datafield tag="041" ind1="0" ind2=" ">
   <subfield code="a">ilo</subfield>
   <subfield code="a">eng</subfield>
  </datafield>
  <datafield tag="090" ind1=" " ind2="0">
   <subfield code="a">PL 6178.4 U73</subfield>
   <subfield code="b">K37 2016</subfield>
  </datafield>
  <datafield tag="100" ind1="1" ind2=" ">
   <subfield code="a">Urata, Jose P.</subfield>
   <subfield code="c">Sr.</subfield>
   <subfield code="e">author.</subfield>
  </datafield>
  <datafield tag="245" ind1="1" ind2="3">
   <subfield code="a">Ti karamba ni Insiang</subfield>
   <subfield code="b">and other stories</subfield>
   <subfield code="c">Jose P. Urata, Sr. ; editors, Arthur P. Urata, Sr., Ferdinand N. Cortez.</subfield>
  </datafield>
  <datafield tag="264" ind1=" " ind2="1">
   <subfield code="a">Quezon City, Philippines</subfield>
   <subfield code="b">NY2 Enterprise</subfield>
   <subfield code="c">[2016]</subfield>
  </datafield>
  <datafield tag="300" ind1=" " ind2=" ">
   <subfield code="a">154 pages</subfield>
   <subfield code="c">22 cm</subfield>
  </datafield>
  <datafield tag="505" ind1="0" ind2=" ">
   <subfield code="a">Ilokano (Dagiti sarita) -- Ti karamba ni Insiang -- Ti karamba ni Insiang (kalpasan ti kallaysa) -- Biddut a panangipapan -- Panagsubli -- Maysa nga aldaw idiay lugarmi -- nadumaduma nga istoria ni ayat -- Ni Laring, ti alimatek ken siak -- Dung-aw: Mirasol, apay a dika nagpakada? -- Dagiti babassit nfga aramid ni ama Tico -- Ti pilid -- Ti ayat ti maysa a bao -- No kasano ti panangasawa ni Manung Paran -- Salaysay -- Disiembre manen, Apo Jesus -- Ah, facebook! apay a riniribukmo ti biagko? -- Short stories -- A Final tribute -- The procession -- Vignettes I, II, III, -- Lessons from Mang Ador -- Essays -- Scouting and I -- Of women -- Of kisses -- Of barbers -- Of names -- Of mustache -- Of wishes -- Of topic sentence and more -- Of instructors -- To all the pets i cared before -- Punsion -- Of candidates and elections -- Why women wash the dishes -- Facebook -- Tryst -- Public speaking anxiety -- Breastfeeding is best -- Court scene -- For your eyes only -- Tall tale -- Jealousy -- Duck hunting -- Practical shooting -- Miscellaneous -- Memories -- University and ROTC days -- Classroom reminiscences -- My first loves -- Childhood (Mis) adventures -- My shoes -- Of dancing -- My early life and experiences with father -- My childhood recollections of mother -- Of Thee I sing.</subfield>
  </datafield>
  <datafield tag="546" ind1=" " ind2=" ">
   <subfield code="a">Text in Iloko and English.</subfield>
  </datafield>
  <datafield tag="650" ind1=" " ind2="0">
   <subfield code="a">Iloko literature</subfield>
   <subfield code="x">Collections.</subfield>
  </datafield>
  <datafield tag="650" ind1=" " ind2="0">
   <subfield code="a">Philippine essays (English)</subfield>
  </datafield>
  <datafield tag="700" ind1="1" ind2=" ">
   <subfield code="a">Urata, Arthur P. Sr.</subfield>
   <subfield code="e">editor.</subfield>
  </datafield>
  <datafield tag="700" ind1="1" ind2=" ">
   <subfield code="a">Cortez, Ferdinand N.</subfield>
   <subfield code="e">editor.</subfield>
  </datafield>
  <datafield tag="905" ind1=" " ind2=" ">
   <subfield code="a">FI</subfield>
  </datafield>
  <datafield tag="852" ind1="0" ind2=" ">
   <subfield code="a">UPBAG</subfield>
   <subfield code="b">UPBAG-MAIN</subfield>
   <subfield code="h">PL 6178.4 U73 K37 2016</subfield>
  </datafield>
  <datafield tag="942" ind1=" " ind2=" ">
   <subfield code="a">Book</subfield>
  </datafield>
 </record>
</collection>
